000 02375cam a22005294i 4500
003 PE-LiUPU
005 20250731165552.0
008 150625s r 000 0 d
035 _a(Sirsi) a34568
035 _a(Sirsi) a34568
040 _aPE-LiUPU
_bspa
_cPE-LiUPU
_erda
082 0 4 _a985.04
_bL521h
_223
100 1 _aLeguía y Martínez, Germán,
_eautor.
245 1 0 _aHistoria de la emancipación del Perú :
_bel protectorado
_n3 /
_cGermán Leguía y Martínez ; prólogo de Alberto Tauro.
264 1 _aLima :
_bComisión Nacional del Sesquicentenario de la Independencia del Perú,
_c1972.
300 _a734 páginas ;
_c24 centímetros.
336 _atext
_2rdacontent
337 _aunmediated
_2rdamedia
338 _avolume
_2rdacarrier
500 _aPublicaciones de la Comisión Nacional del Sesquicentenario de la Independencia del Perú.
505 _aLa división volante de Arenales: primera campaña patriota de penetración en el Perú -- Iniciación de la campaña terrestre al norte de Lima -- Cochrane y "La Esmeralda" -- Cooperación eficiente de los patriotas peruanos -- Todo el norte del Perú por la independencia -- Proyecciones bélicas sobre el centro del Perú -- Continuación dela campaña al norte de Lima -- Continuación de la campaña al norte de Lima. Avances y retrocesos. La opinión peruana. Caída de Pezuela.
526 _aSEG44
526 _aSEG26
526 _aP151
526 _aP150
526 _aP149
526 _aP146
526 _aP145
526 _aP126
526 _aP125
526 _aP92
526 _aP75
526 _aP74
526 _aP27
526 _aP15
600 1 _aSan Martín, José de.
_d1778-1850
600 1 _aReyes y Buitrón, Andrés.
_d1780-1856
600 1 _aTorre Tagle, José Bernardo Tagle y PortocarreroMarqués de.
_d1779-1825
650 0 4 _aPanamericanismo.
651 _aPerú
_xHistoria
_yExpedición Libertadora, 1808-1824
651 _aArgentina
_xHistoria
_yEmancipación, 1810-1817
651 _aChile
_xHistoria
_yEmancipación, 1810-1830.
942 _2ddc
_cBK
949 _aRC 985.04 D 39 / 3
_wDEWEY
_c1
_i17073
_lRC
_mBUL
_r0
_sY
_tBOOK
_u2015-6-25
_xBIBLIOTECA
_zUNKNOWN
_0COMPRA
_o.CIRCNOTE. No olvidar cambiar la fecha de devolución!!!!!!!
_o.STAFF. Colección General
980 _81
_gALBERTO SANCHEZ Responsable de Automatización
999 _c42438
_d42438